000
00272 a2200085 4500
020
_a
9789354660290
100
_a
SHAH, BIREN N AND NAYAK, BHAVESH N
245
_a
TEXTBOOK OF PHARMACEUTICAL INDUSTRIAL MANAGEMENT
260
_b
C.B.S. PUBLISHERS & DISTRIBUTORS, NEWDELHI
_c
2021
999
_c
223968
_d
223968